Đang tải...

Shakespeare in love:a screenplay

Chi tiết về thư mục
Tác giả chính: Norman, Marc (Tác giả)
Tác giả khác: Stoppard, Tom
Định dạng: Printed Book
Ngôn ngữ:English
Được phát hành: New York Miramax 1998
Những chủ đề:
LEADER 00737nam a2200253 a 4500
001 adlib96000001
003 ViArRB
005 20151026131730.0
008 960221s1955 dcuabcdjdbkoqu001 0deng d
020 |a 0-7868-8485-1 
022
040 |a Adlib 
082 |a 792.026 
245 |a Shakespeare in love:a screenplay 
250
260 |a New York  |b Miramax  |c 1998 
300 |a 169p. 
500 |a   
100 |a Norman, Marc  |e Author 
700 |a Stoppard, Tom 
942 |c BK  |6 _ 
653 |a Screenplay - Shakespeare in love  |a Script - Theatre  |a Cinema - Shakespeare in love  |a Sinima  |a Cinema 
999 |c 33858  |d 33858 
952 |0 0  |1 0  |4 0  |6 792026_NOR  |7 0  |9 45516  |a UL  |b UL  |d 2010-06-16  |o 792.026 NOR  |p 00046418  |r 2010-06-16  |w 2010-06-16  |y BK